000
00345nam a2200133Ia 4500
008
151001s9999||||xx |||||||||||||| ||und||
100
_a
सी गो प्रभू
245
_a
आगऱ्याहून दख्खन
250
_a
3
260
_b
निंबकर आणि मं
260
_c
1971
300
_a
93
365
_b
18
999
_c
960198
_d
960195